| 000 | 00483nam a2200157 a 4500 | ||
|---|---|---|---|
| 001 | 000043794 | ||
| 005 | 20201002044954.0 | ||
| 008 | 140430s1980 dr a 000 0 spa d | ||
| 040 |
_aDO-SdBNP _bspa _cBNPHU |
||
| 082 |
_axxxx _bxxxx |
||
| 100 | 1 |
_aRosario, Luis _9427 |
|
| 245 | 1 | 0 |
_a[Iglesia dominicana] : _b¿qué dices de los jóvenes? / _cLuis Rosario. |
| 260 |
_aSanto Domingo : _bSaturno, _c[1980?]. |
||
| 300 |
_a39 p. : _bil., retrs. ; _c21 cm. |
||
| 590 | _aInventariado, 2018/ YL | ||
| 999 |
_c43283 _d43283 |
||